Ben 10 Alien Force Aliens Debuts - Sudden Death - Statistics

General Stats
  • This quiz has been taken 162 times
  • The average score is 7 of 13
Answers on the Grid
Answers color-coded by a green-red scale on the quiz's grid according to % correct below.
Chromastone
Juryrigg
Feedback
Stinkfly
Chamalien
Goop
Swampfire
Astrodactyl
Humungousaur
Big chill
Pesky Dust
Lodestar
Wildvine
Toepick
Kickin'Hawk
Buzzshock
Nanomech
Eatle
Ditto
Fasttrack
Ball Weevil
NRG
Spitter
Gravattack
Eye Guy
Rath
Shocksquatch
Walkatrout
Echo Echo
Crashhopper
Ampfibian
Brainstorm
Jetray
Spidermonkey
Way Big
Alien X
 
Answer Stats
Answer % Correct
Spidermonkey
62%
Humungousaur
61%
Jetray
61%
Swampfire
61%
Chromastone
59%
Brainstorm
58%
Goop
58%
Alien X
56%
Big chill
56%
Echo Echo
55%
Rath
55%
Lodestar
48%
Nanomech
45%
No matching quizzes found
Score Distribution
Percent of People with Each Score
Percentile by Number Answered
Your Score History
You have not taken this quiz